| 000 | 01344cam a22003738a 4500 | ||
|---|---|---|---|
| 001 | 16370669 | ||
| 003 | OSt | ||
| 005 | 20150408114020.0 | ||
| 008 | 100730s2012 mau bf 001 0 eng | ||
| 010 | _a 2010029930 | ||
| 020 | _a9780135114704 (alk. paper) | ||
| 020 | _a0135114705 (alk. paper) | ||
| 035 | _a(DNLM)101537137 | ||
| 040 |
_aDNLM/DLC _cDLC _dDLC |
||
| 042 | _apcc | ||
| 050 | 0 | 0 |
_aRT48 _b.B365 2012 |
| 060 | 1 | 0 | _aWY 49 |
| 082 | 0 | 0 |
_a616.075 _222 |
| 100 | 1 |
_aBarbarito, Colleen. _911597 |
|
| 245 | 1 | 0 |
_aClinical pocket guide for health & physical assessment in nursing / _cColleen Barbarito and Donita D'Amico. |
| 260 |
_aBoston : _bPrentice Hall, _cc2012. |
||
| 263 | _a1102 | ||
| 300 | _ap. cm. | ||
| 500 | _aRev. ed. of: Clinical handbook for health & physical assessment in nursing. c2007. | ||
| 504 | _aIncludes bibliographical references and index. | ||
| 650 | 0 |
_aNursing assessment _vHandbooks, manuals, etc. _910730 |
|
| 650 | 0 |
_aPhysical diagnosis _vHandbooks, manuals, etc. _911598 |
|
| 650 | 1 | 2 |
_aNursing Assessment _xmethods _vHandbooks. _911599 |
| 650 | 2 | 2 |
_aPhysical Examination _xnursing _vHandbooks. _911600 |
| 700 | 1 |
_aD'Amico, Donita. _911601 |
|
| 700 | 1 |
_aD'Amico, Donita. _tClinical handbook for health & physical assessment in nursing. _911602 |
|
| 942 |
_2ddc _cBOOK |
||
| 999 |
_c21986 _d256486 |
||